Les pays avec une ligne ferroviaire à grande vitesse - Statistiques

Statistiques générales
  • Ce quiz a été pris 157 fois
  • Le résultat moyen est 17 sur 21
Statistiques - réponses
En service % Correct
France
100%
États-Unis
99%
Allemagne
98%
Chine
98%
Espagne
98%
Italie
95%
Japon
95%
Belgique
92%
Royaume-Uni
92%
Suisse
89%
Suède
87%
Pays-Bas
86%
Autriche
83%
Pologne
83%
Corée du Sud
80%
Danemark
74%
Finlande
74%
Turquie
64%
Arabie saoudite
45%
Maroc
38%
Taïwan
33%
Aucun quiz correspondant
Distribution des résultats
% des personnes avec chaque résultat
Percentile par nombre de réponses
Votre historique - résultats
Vous n’avez pas pris ce quiz